000 00508nam a2200193Ia 4500
001 43645
008 140425s9999 xx 000 0 und d
020 _aNA
040 _cPK-LaUMT
082 _aRHC 891.4394
_bKHA-H
100 _aKhawar Chaudhary
245 _aHadees-e-deegraan (Urdu)
_cKhawar Chaudhary<>Nusrat Bukhar
260 _aFaisalabad,Pakistan:
_bMisal Publishers,
_c2008
300 _a208 p.
546 _aUR
650 _aPakistani literature-Urdu
700 _aNusrat Bukhar
942 _cBK
999 _c41646
_d41646